[Event "Challenge"]
[Site "http://www.queenalice.com/game.php?id=1779332"]
[Date "2022.1.6"]
[Round "-"]
[White "renard34"]
[Black "harvir"]
[Result "0-1"]
[WhiteElo "1194"]
[BlackElo "1839"]

1. d4 Nf6 2. Nc3 d5 3. e3 e6 4. Nf3 c5 5. Be2 Be7 6. O-O O-O 7. h3 Nc6 8. a3 b6
9. Bd2 Bb7 10. b3 Rc8 11. Bd3 Qc7 12. Ne2 Ne4 13. c3 Nxd2 14. Qxd2 cxd4 15. cxd4
Na5 16. b4 Nc4 17. Bxc4 Qxc4 18. Rac1 Qb3 19. Rc3 Rxc3 20. Qxc3 Qxc3 21. Nxc3 a5
22. Rb1 Rc8 23. Ne2 Rc2 24. Nf4 axb4 25. axb4 g5 26. Nd3 Ba6 27. b5 Bb7 28. Nde5
f6 29. Ng4 h5 30. Ngh2 Ba3 31. Ne1 Rc1 32. Rxc1 Bxc1 33. Nhf3 Bc8 34. Nd3 Ba3
35. Nd2 Bd7 36. Nb3 Bxb5 37. Nbc1 Bc4 38. Kh2 b5 39. Kg3 b4 40. Kf3 b3 41. Nxb3
Bxb3 42. g4 Bd1+ 43. Kg2 hxg4 44. hxg4 Bxg4 45. Kg3 Be2 46. Ne1 Kg7 47. Ng2 Kg6
48. f4 Bd6 49. Kf2 Bd3 50. Kg3 f5 51. Ne1 gxf4+ 52. exf4 Be4 53. Nf3 Bxf3 54.
Kxf3 Kh5 55. Kg3 Bc7 56. Kf3 Kh4 0-1

[Event "Bienvenue renard, c'est un heros"]
[Site "http://www.queenalice.com/game.php?id=1779454"]
[Date "2022.1.6"]
[Round "-"]
[White "renard34"]
[Black "Rafale2000"]
[Result "0-1"]
[WhiteElo "1100"]
[BlackElo "2072"]

1. d4 Nf6 2. Nc3 e6 3. e4 Bb4 4. Bd3 c6 5. Bd2 d5 6. e5 Nfd7 7. Nf3 f6 8. O-O
O-O 9. a3 Be7 10. Ne2 fxe5 11. Nxe5 Nxe5 12. dxe5 Nd7 13. f4 Nc5 14. b4 Nxd3 15.
cxd3 b6 16. d4 c5 17. bxc5 bxc5 18. Be3 cxd4 19. Bxd4 Qa5 20. Ng3 Bc5 21. Kh1
Bxd4 22. Qxd4 Bd7 23. Nh5 Be8 24. Ng3 Rc8 25. h3 Rc4 26. Qd3 Rcxf4 27. Rxf4 Rxf4
28. Ne2 Bb5 29. Qc2 Re4 30. Qc8+ Kf7 31. Ng3 Re1+ 32. Rxe1 Qxe1+ 33. Kh2 a6 34.
Qc7+ Kf8 35. Qd8+ Kf7 36. Qc7+ Kg6 37. h4 h5 38. Qe7 Qxe5 39. Qf8 d4 40. Qf3 d3
41. Kh3 d2 42. Qd1 Qe1 43. Qc2+ Kh6 44. Qc5 d1=Q 45. Qg5+ Kh7 46. Nxh5 Qh1+ 47.
Kg3 Qb3+ 48. Kf2 Qf1# 0-1

[Event "Challenge"]
[Site "http://www.queenalice.com/game.php?id=1779776"]
[Date "2022.1.10"]
[Round "-"]
[White "zefer"]
[Black "renard34"]
[Result "0-1"]
[WhiteElo "1076"]
[BlackElo "1100"]

1. e4 e5 2. a3 Nf6 3. Nc3 Be7 4. Nh3 O-O 5. Qf3 d6 6. d4 Bg4 7. Qg3 exd4 8. Ne2
Nc6 9. e5 dxe5 10. f3 Bh5 11. Bg5 Bg6 12. Nc1 h6 13. Bh4 Nh5 14. Qg4 Bxh4+ 15.
g3 Be7 16. Bc4 Nf6 17. O-O Nxg4 18. fxg4 Bxc2 19. Rf2 Be4 20. Nd3 Bd6 21. Re1
Bg6 22. g5 h5 23. Rf3 Na5 24. Bd5 c6 25. Bxf7+ Rxf7 26. Rf2 Bxd3 27. g6 Rxf2 28.
Nxf2 Bxg6 29. Ne4 Bxe4 30. Rxe4 Qb6 31. Re2 d3+ 0-1

[Event "partie printanière"]
[Site "http://www.queenalice.com/game.php?id=1786195"]
[Date "2022.4.2"]
[Round "-"]
[White "Rafale2000"]
[Black "renard34"]
[Result "1/2-1/2"]
[WhiteElo "2028"]
[BlackElo "1194"]

1. c4 e5 2. Nc3 d6 3. g3 Nc6 4. Bg2 Nf6 5. Nf3 Be7 6. O-O O-O 7. d3 a6 8. Ng5 h6
9. Nge4 Nd4 10. Nxf6+ Bxf6 11. b4 c6 12. e3 Ne6 13. Bd2 Ng5 14. f4 Nh3+ 15. Kh1
Be6 16. f5 Bxf5 17. Rxf5 Ng5 18. e4 Rb8 19. a4 Nh7 20. Qg4 g6 21. Bxh6 Bg7 22.
Bxg7 Kxg7 23. Raf1 Qe7 24. R5f2 Rbd8 25. h4 f6 26. h5 g5 27. Qf5 Qf7 28. Ne2
Qxh5+ 29. Kg1 Rf7 30. Bh3 Qh6 31. Rh2 Qg6 32. Qe6 Nf8 33. Qf5 Re8 34. Bg4 Qxf5
35. Bxf5 Rb8 36. g4 b5 37. axb5 cxb5 38. Ra1 bxc4 39. dxc4 Rxb4 40. Rxa6 Rxc4
41. Rxd6 Ra7 42. Rh3 Rcc7 1/2-1/2

[Event "34 91"]
[Site "http://www.queenalice.com/game.php?id=1786196"]
[Date "2022.4.2"]
[Round "-"]
[White "renard34"]
[Black "Rafale2000"]
[Result "1-0"]
[WhiteElo "1194"]
[BlackElo "2028"]

1. d4 Nf6 2. Nc3 g6 3. e4 c6 4. Nf3 Bg7 5. Bd3 O-O 6. O-O d5 7. e5 Ne8 8. Be3
Bg4 9. h3 Bc8 10. Qd2 f5 11. Bh6 Bxh6 12. Qxh6 e6 13. Ng5 Qe7 14. f4 Qg7 15. Qh4
b5 16. a3 h5 17. b4 a5 18. Na2 Qa7 19. Nf3 axb4 20. Nxb4 Qb6 21. c3 c5 22. dxc5
Qxc5+ 23. Kh1 Nc6 24. Qg5 Kg7 25. Nh4 Ne7 26. Be2 Ra5 27. Bxh5 Nf6 28. Nxg6 Nh7
29. Qg3 Nxg6 30. Bxg6 Kh8 31. Qh4 Qc7 32. Nc6 Ra7 33. Nxa7 Qxa7 34. a4 Qg7 35.
Qxh7+ Qxh7 36. Bxh7 Kxh7 37. axb5 1-0

[Event "Challenge"]
[Site "http://www.queenalice.com/game.php?id=1794556"]
[Date "2022.8.18"]
[Round "-"]
[White "Rafale2000"]
[Black "renard34"]
[Result "1/2-1/2"]
[WhiteElo "2027"]
[BlackElo "1194"]

1. e4 e5 2. Nf3 d6 3. d4 Bg4 4. dxe5 Nc6 5. Be2 Bxf3 6. gxf3 Nxe5 7. f4 Nc6 8.
Nc3 Nf6 9. Be3 Be7 10. Bb5 O-O 11. Rg1 a6 12. Bd3 Qd7 13. Qf3 b5 14. Nd5 Nd8 15.
Nxe7+ Qxe7 16. O-O-O h6 17. f5 Nc6 18. Qg2 Nh5 19. Bxh6 f6 20. Qg6 Qf7 21. Qxf7+
Rxf7 22. Be3 Ne5 23. Be2 Rd8 24. Bxh5 Re7 25. b3 Nc6 26. Bf3 Nb4 27. Kb2 a5 28.
a3 Nc6 29. Rd5 Rb8 30. Rgd1 Ne5 31. Be2 a4 32. Rxb5 Rxb5 33. Bxb5 axb3 34. cxb3
c6 35. Be2 Rd7 36. Bf4 Kf7 37. h4 d5 38. Bxe5 fxe5 39. exd5 cxd5 40. Rxd5 Rxd5
41. Bc4 Kf6 42. Bxd5 Kxf5 43. f3 Kf4 1/2-1/2

[Event "Challenge"]
[Site "http://www.queenalice.com/game.php?id=1794557"]
[Date "2022.8.18"]
[Round "-"]
[White "renard34"]
[Black "Rafale2000"]
[Result "1/2-1/2"]
[WhiteElo "1194"]
[BlackElo "2021"]

1. d4 Nf6 2. Nc3 e6 3. e4 Bb4 4. Bd3 c5 5. e5 Nd5 6. Bd2 cxd4 7. Nxd5 Bxd2+ 8.
Qxd2 exd5 9. Nf3 Nc6 10. O-O Qe7 11. a3 O-O 12. Qf4 f6 13. Rae1 fxe5 14. Bxh7+
Kxh7 15. Ng5+ Kg6 16. Qg3 Qxg5 17. Qd3+ e4 18. Qg3 Ne5 19. f4 Nf3+ 20. gxf3 Rxf4
21. fxe4 Rg4 22. exd5 Rxg3+ 23. hxg3 Qxg3+ 24. Kh1 Qh3+ 25. Kg1 1/2-1/2

[Event "Allez 34 !"]
[Site "http://www.queenalice.com/game.php?id=1798230"]
[Date "2022.10.18"]
[Round "-"]
[White "Rafale2000"]
[Black "renard34"]
[Result "0-1"]
[WhiteElo "2068"]
[BlackElo "1194"]

1. e4 e5 2. Nf3 d6 3. d4 Nc6 4. dxe5 Nxe5 5. Nc3 Bg4 6. Be2 Nf6 7. h3 Bh5 8.
Nxe5 Bxe2 9. Qxe2 dxe5 10. O-O Bd6 11. Bg5 h6 12. Be3 O-O 13. Rad1 a6 14. f3 Qe7
15. Nd5 Nxd5 16. Rxd5 c6 17. Rd2 Rad8 18. Rfd1 Bc7 19. a3 Rxd2 20. Rxd2 c5 21.
Rd5 b6 22. Qxa6 Qh4 23. Bf2 Qf4 24. Rd1 f5 25. Qb7 Bd8 26. exf5 Qxf5 27. Qb8 Bf6
28. Qxb6 Qxc2 29. Rf1 c4 30. g4 Qe2 31. a4 Qxf3 32. Bc5 Qg3+ 0-1

[Event "91 toujours"]
[Site "http://www.queenalice.com/game.php?id=1798231"]
[Date "2022.10.18"]
[Round "-"]
[White "renard34"]
[Black "Rafale2000"]
[Result "1-0"]
[WhiteElo "1194"]
[BlackElo "2104"]

1. d4 Nf6 2. Nc3 e6 3. e4 c5 4. e5 Nd5 5. Nxd5 exd5 6. Nf3 d6 7. Bf4 dxe5 8.
dxe5 Nc6 9. Be2 Bg4 10. O-O Be7 11. h3 Bf5 12. Bd3 Qd7 13. Qe2 Bxd3 14. Qxd3 O-O
15. Bg5 h6 16. Bf4 a6 17. c3 b5 18. Qd2 g5 19. Bg3 d4 20. cxd4 cxd4 21. a3 Qd5
22. Rac1 d3 23. Rfe1 Rfd8 24. Re3 f5 25. Rc3 f4 26. Rexd3 Qf7 27. Bxf4 Rxd3 28.
Qxd3 Qxf4 29. Rxc6 Qf8 30. Qe4 Kh8 31. Rxh6+ Qxh6 32. Qxa8+ Kg7 33. Qe8 Qe6 34.
Nxg5 Qxe5 35. Qf7+ Kh6 36. Nf3 Qd6 37. g4 Qd1+ 38. Kg2 Qd6 39. h4 Qg6 40. Qf4+
Kg7 41. Kh3 Qf6 42. Qe4 Bc5 43. Kg2 Bd6 44. Qd4 Qxd4 45. Nxd4 Be5 46. Nf5+ Kf6
47. b3 a5 48. Kf3 Bb2 49. a4 bxa4 50. bxa4 Kg6 51. Ke4 Bc3 52. f4 Bf6 53. h5+
Kh7 54. g5 1-0

[Event "Challenge"]
[Site "http://www.queenalice.com/game.php?id=1800866"]
[Date "2022.11.28"]
[Round "-"]
[White "Rafale2000"]
[Black "renard34"]
[Result "0-1"]
[WhiteElo "2069"]
[BlackElo "1194"]

1. e4 e5 2. Nf3 d6 3. d4 exd4 4. Nxd4 Nf6 5. Nc3 Be7 6. Bd3 O-O 7. O-O Nc6 8.
Be3 a6 9. Nd5 Ne5 10. Nxe7+ Qxe7 11. Be2 c5 12. Nf3 b5 13. Nxe5 dxe5 14. f3 Be6
15. b3 Rad8 16. Qe1 c4 17. bxc4 bxc4 18. Qa5 Nd7 19. Rfd1 Qf6 20. Qxa6 Nb8 21.
Qa4 Qg6 22. Rxd8 Rxd8 23. Bxc4 h6 24. Bxe6 Qxe6 25. Qb3 Qg6 26. a4 Nc6 27. a5
Nd4 28. Bxd4 Rxd4 29. Qe3 Qa6 30. f4 Qa7 31. Kf2 exf4 0-1

[Event "Challenge"]
[Site "http://www.queenalice.com/game.php?id=1800867"]
[Date "2022.11.28"]
[Round "-"]
[White "renard34"]
[Black "Rafale2000"]
[Result "1/2-1/2"]
[WhiteElo "1194"]
[BlackElo "2081"]

1. d4 Nf6 2. Nc3 e6 3. e4 Bb4 4. Bd3 d5 5. e5 Ne4 6. Bd2 Nxd2 7. Qxd2 c5 8. Nf3
c4 9. Be2 Nc6 10. O-O Bd7 11. a3 Be7 12. h3 O-O 13. Na2 Qb6 14. c3 f6 15. Nb4 a5
16. Nxc6 Bxc6 17. Rab1 f5 18. Ng5 Ba4 19. f4 h6 20. Nf3 Qc6 21. Nh2 b5 22. Qe3
b4 23. cxb4 axb4 24. axb4 Bxb4 25. Nf3 Bc2 26. Ra1 Rxa1 27. Rxa1 Ra8 28. Rxa8+
Qxa8 29. Nh4 Qa1+ 30. Kh2 Be4 31. Bf3 Qxb2 32. Bxe4 fxe4 33. Qg3 Qxd4 34. Qg6 e3
35. Qxe6+ Kh7 36. Qg6+ 1/2-1/2

[Event "Allez 34 !"]
[Site "http://www.queenalice.com/game.php?id=1802656"]
[Date "2022.12.26"]
[Round "-"]
[White "renard34"]
[Black "Rafale2000"]
[Result "0-1"]
[WhiteElo "1194"]
[BlackElo "1965"]

1. d4 Nf6 2. Nc3 d5 3. e3 Bf5 4. Bd3 Ne4 5. f3 Nxc3 6. bxc3 Qd7 7. Ne2 Bg6 8.
O-O e6 9. e4 Nc6 10. e5 f6 11. f4 fxe5 12. fxe5 O-O-O 13. Bg5 Be7 14. Be3 Qe8
15. Nf4 Bg5 16. Qg4 Bxd3 17. cxd3 Bxf4 18. Bxf4 Qd7 19. Bg5 Rdf8 20. Qe2 h6 21.
Bh4 g5 22. Bg3 Ne7 23. Qh5 Nf5 24. Bf2 Ng7 25. Qe2 Rf5 26. Qb2 Nh5 27. g4 Rxf2
28. Rxf2 Nf4 29. Rf3 h5 30. Rb1 c6 31. Rg3 hxg4 32. Qa3 Qh7 33. Rb2 Nxd3 34. Rd2
Ne1 35. Kh1 Qe4+ 36. Rgg2 Nf3 37. Rde2 Qb1+ 0-1

[Event "Allez 34"]
[Site "http://www.queenalice.com/game.php?id=1802657"]
[Date "2022.12.26"]
[Round "-"]
[White "Rafale2000"]
[Black "renard34"]
[Result "1-0"]
[WhiteElo "1934"]
[BlackElo "1194"]

1. e3 d5 2. b3 e5 3. Bb2 Bd6 4. Nc3 Nf6 5. Nf3 O-O 6. d4 e4 7. Nd2 Nc6 8. Be2
Be6 9. O-O h6 10. f3 Ne7 11. fxe4 Bb4 12. exd5 Bf5 13. a3 Nexd5 14. Nxd5 Nxd5
15. axb4 Nxe3 16. Qc1 Nxf1 17. Nxf1 c6 18. c4 Qe7 19. Ng3 Bg6 20. Bc3 a6 21. Bf3
Rae8 22. Qe1 Qh4 23. Ne4 Qxe1+ 24. Rxe1 Re6 25. Nc5 Rxe1+ 26. Bxe1 Rb8 27. Bg3
Bc2 28. Bxb8 1-0

[Event "Hello Patrice"]
[Site "http://www.queenalice.com/game.php?id=1808990"]
[Date "2023.3.30"]
[Round "-"]
[White "Rafale2000"]
[Black "renard34"]
[Result "1/2-1/2"]
[WhiteElo "1988"]
[BlackElo "1194"]

1. e4 e5 2. Nf3 d6 3. d4 Nc6 4. dxe5 Nxe5 5. Nxe5 dxe5 6. Qxd8+ Kxd8 7. Bc4 Be6
8. Bxe6 fxe6 9. Bg5+ Nf6 10. Nc3 h6 11. Be3 Bd6 12. O-O-O Ke7 13. f3 g5 14. g3
Raf8 15. Nb5 a6 16. Nxd6 cxd6 17. Rhf1 Rc8 18. Rd3 Rc6 19. Rfd1 Rhc8 20. h3
Rxc2+ 21. Kb1 d5 22. exd5 Nxd5 23. h4 Nxe3 24. Rxe3 Kf6 25. hxg5+ hxg5 26. Rde1
R2c5 27. f4 gxf4 28. gxf4 exf4 29. Rxe6+ Kf5 30. Re7 b5 31. Ra7 R8c6 32. Rf1 Rf6
33. a3 Re5 1/2-1/2

[Event "Challenge"]
[Site "http://www.queenalice.com/game.php?id=1808991"]
[Date "2023.3.30"]
[Round "-"]
[White "renard34"]
[Black "Rafale2000"]
[Result "1-0"]
[WhiteElo "1194"]
[BlackElo "1988"]

1. d4 Nf6 2. Nc3 e6 3. e4 Bb4 4. Bd3 d5 5. e5 Nfd7 6. Nf3 c5 7. Be3 Nc6 8. O-O
cxd4 9. Bxd4 Nxd4 10. Nxd4 Nxe5 11. a3 Bxc3 12. bxc3 Qc7 13. Qe1 Bd7 14. f4 Nxd3
15. cxd3 O-O-O 16. Ne2 f6 17. d4 h5 18. Qb1 e5 19. fxe5 fxe5 20. Qb4 e4 21. Rf7
g5 22. Raf1 Qb6 23. Rb1 Qxb4 24. axb4 Be6 25. Rf6 Rde8 26. Ra1 a6 27. h3 Rhf8
28. Rg6 g4 29. h4 Rg8 30. Rh6 Rh8 31. Rf6 Kd7 32. Nf4 Re7 33. Ng6 Rf7 34. Rxf7+
Bxf7 35. Nxh8 Be8 36. Rf1 Ke7 37. Rf5 Ke6 38. Re5+ 1-0

[Event "Challenge"]
[Site "http://www.queenalice.com/game.php?id=1812090"]
[Date "2023.5.18"]
[Round "-"]
[White "Rafale2000"]
[Black "renard34"]
[Result "1/2-1/2"]
[WhiteElo "2030"]
[BlackElo "1194"]

1. e4 e5 2. Nf3 d6 3. d4 Nc6 4. dxe5 Nxe5 5. Nxe5 dxe5 6. Qxd8+ Kxd8 7. Bc4 Be6
8. Bxe6 fxe6 9. Be3 Bd6 10. Nc3 Kd7 11. O-O-O a6 12. Rd2 Rd8 13. Bc5 b6 14. Bxd6
cxd6 15. Rhd1 Ke7 16. Ne2 g5 17. Rd3 Nf6 18. f3 a5 19. g3 h5 20. Nc3 Rd7 21. Nb5
d5 22. exd5 exd5 23. Nc3 d4 24. Ne4 Nxe4 25. fxe4 Rf8 1/2-1/2

[Event "Challenge"]
[Site "http://www.queenalice.com/game.php?id=1812091"]
[Date "2023.5.18"]
[Round "-"]
[White "renard34"]
[Black "Rafale2000"]
[Result "1-0"]
[WhiteElo "1194"]
[BlackElo "2018"]

1. d4 Nf6 2. Nc3 e6 3. e4 Bb4 4. Bd3 c5 5. a3 cxd4 6. axb4 dxc3 7. bxc3 O-O 8.
Nf3 b6 9. O-O Bb7 10. Bg5 d5 11. e5 h6 12. Bh4 g5 13. Nxg5 hxg5 14. Bxg5 d4 15.
Bxf6 1-0

[Event "Challenge"]
[Site "http://www.queenalice.com/game.php?id=1812859"]
[Date "2023.5.31"]
[Round "-"]
[White "sunking09"]
[Black "renard34"]
[Result "1-0"]
[WhiteElo "1268"]
[BlackElo "1194"]

1. e3 e5 2. d4 e4 3. Nc3 d5 4. Nxd5 Qxd5 5. Ne2 Nf6 6. c3 Nc6 7. Nf4 Qf5 8. Be2
Bd6 9. Bb5 O-O 10. h3 a6 11. Bc4 Ne7 12. Nh5 Qg6 13. g4 Nxh5 14. b4 Nf6 15. O-O
Nxg4 16. Qxg4 Bxg4 17. f3 Bxf3+ 18. Kf2 Qg2+ 19. Ke1 Qe2+ 20. Bxe2 Bxe2 21. Kxe2
Ng6 22. Bd2 Nh4 23. Be1 1-0